MDQL
is popping MORE tags! Check the
thread
!
Quizzes
Events
Quiz Creation
Community
Videos
Private Events
Remove Ads
Sign In
Join for FREE
Feedback
Dark Mode
Quiz Categories
Sports
Geography
Music
Movies
Television
Just For Fun
Miscellaneous
History
Literature
Language
Science
Gaming
Entertainment
Religion
Holiday
For Kids
Quiz Lab
Recent
Popular Today
Quiz Kudos Today
Editor Picks
Curator Picks
Quizzes by...
Day
Popularity
Type
Ratings
Length
Year
Community
Subscriptions
Recent Discussions
Orange Saloon
Badges
Playlists
Quests
Create
Leaderboards
Showdown
Live 5
Trivia Bingo
Activity
Puzzle Library
Sporcle Events
Private Events
Virtual Trivia
Globe League
Become a Host
Pub Owners
SporcleCon
Opinionation
Our Games
Videos
Blog
Mobile Apps
Partnerships
Remove Ads and Go Orange
Feedback
Gaming
Video Games
Board Games
Card Games
Pokémon
Mario
Nintendo
Minecraft
Console
Toys
Legend of Zelda
Gaming
Video Games
Board Games
Card Games
Pokémon
Mario
Nintendo
Minecraft
Console
Toys
Legend of Zelda
Random Quiz
Search Sporcle
×
Quiz Lab
Quiz Lab
Gaming
Call of Duty
Type in answers that appear in a list
Type in answers that appear in a list
Classic
Best Score? Go Orange.
Tombstone Perk Jingle Stats
Can you name the lyrics to the Tombstone perk jingle?
By
3586912668
10m
84 Questions
48 Plays
48 Plays
48 Plays
Comments
Comments
Give Quiz Kudos
Give Quiz Kudos
-
- Ratings
hide this ad
Replay
Link that replays current quiz
Next Quiz
Link to next quiz in quiz playlist
You Got
0%
They Got
Avg Score
63%
Avg Friend Score
Upgrade to see
Score Distribution
Jump to the score distribution portion of the page
Score
0/84
Timer
10:00
0
Plays Today
Hint
Answer
% Correct
Rest
91.7%
in
91.7%
you
91.7%
you
91.7%
you
91.7%
pieces
87.5%
the
87.5%
No
87.5%
a
87.5%
and
87.5%
the
87.5%
the
87.5%
and
87.5%
the
87.5%
Your
83.3%
your
83.3%
Your
83.3%
bleeding
81.3%
out.
81.3%
it
79.2%
tombstone
79.2%
tombstone
79.2%
tombstone
79.2%
tombstone.
79.2%
to
79.2%
tombstone
79.2%
tombstone
79.2%
tombstone
79.2%
Hint
Answer
% Correct
tombstone
79.2%
tombstone
79.2%
down
77.1%
count.
75%
it's
75%
it's
75%
it's
75%
it's
75%
it's
75%
it's
75%
it's
75%
for
72.9%
revival
70.8%
you're
70.8%
you're
70.8%
you're
70.8%
have
60.4%
man
58.3%
on
58.3%
but
56.3%
died
54.2%
wealthy
54.2%
all
54.2%
back
54.2%
is
54.2%
is
54.2%
Death
52.1%
come
50%
Hint
Answer
% Correct
waiting
50%
will
50%
says
47.9%
could
47.9%
don't
47.9%
lose
47.9%
master
45.8%
plan
45.8%
ropes.
45.8%
hopes.
45.8%
seal
43.8%
epitaph
41.7%
with
41.7%
ain't
41.7%
that
41.7%
making
39.6%
much
39.6%
sense
39.6%
Health
37.5%
draining
37.5%
testament
37.5%
only
35.4%
may
33.3%
bequest
33.3%
as
31.3%
heir
31.3%
whom
29.2%
listed
27.1%
Quiz Playlist
Details
Report
Send in Message
Add To Playlist
Classic:
Type in answers that appear in a list
Last Updated: May 22, 2017
Quiz Scoreboard
CHALLENGE
Sign Up to Join the Scoreboard
Show All
Scores
Hide
Comments
May contain spoilers
Recently Published
Colored Red Africa Blitz
by spor1
Geography
30s
Find the 'City' Movie
by crazypaving
Movies
60s
5x2 Blitz: Bands
by SL_Kpop136
Music
30s
More to Explore
Quiz From the Vault
Featured Blog Post
14 Easter Pick-up Lines to Find Eggs With
hide this ad
You Might Also Like...
Tags
Black Ops
Call of Duty
tombstone
Zombies
Today's Top Quizzes in Gaming
Browse Gaming
hide this ad
Today's Top Quizzes in Call of Duty
Browse Call of Duty
Top Contributed Quizzes in Gaming
1
Genshin murder mystery
2
Dead By Daylight Logic Puzzle
3
Destiny 2 exotic weapons by perk icons
4
League of Legends Pro Players by Career/Team History
5
Genshin Impact Logic Puzzle
6
Overwatch 2: Ultimate Ability Icons
7
Genshin Impact Logic Puzzle Quiz II
8
Overwatch Logic Puzzle
9
Who's on the WWE 2K24 Cover?
10
5-to-1: Legend of Zelda
Explore More
Trending Topics
Kpop
Crossword
Harry Potter
Anime
NBA
Marvel
Disney
NFL
Song
Country
The Office
WWE
Puzzle
Pokémon
Soccer
hide this ad
More By:
3586912668
Quiz
Plays
Rating
Category
Featured
Created
Fortnite: Battle Royale Grab Bag
213
Gaming
Apr 27, 2018
Overwatch Legendary Skins
164
Gaming
May 5, 2017
Overwatch League Teams
141
4.00
Gaming
Mar 8, 2018
Juggernog Perk Jingle Lyrics
71
Gaming
May 23, 2017
Speed Cola Perk Jingle
55
Gaming
May 23, 2017
Go to Creator's Profile
Score Distribution
Quiz Creator Spotlight
3586912668
Follow
Send a Message
Quizzes Created
-
Created Quiz Play Count
-
More By This Creator
Popular Quizzes Today
1
Colored Red Africa Blitz
2
Find the 'City' Movie
3
5x2 Blitz: Bands
4
Find the US States - No Outlines Minefield
5
The Countries of the World
6
Find the US States
7
US States
8
Find the Countries of Europe - No Outlines Minefield
More Gaming Quizzes
Monopoly (U.K.)
Published
Trending Quizzes
Colored Red Europe Blitz I
Colored Red Europe Blitz II
Colored Red Africa Blitz II
Colored Red Europe Blitz III
Colored Red Africa Blitz III
Recently Updated
How Do You Spell That?
pecheneg
Godzilla Movies
pecheneg
Grab Bag: 4-10 Letters
pecheneg
2024 March Madness Bracket
pecheneg
Famous TV Couples
Peacemaker
Champions League XIs: Real Madrid
pecheneg
Largest US Cities 1790-2010
pecheneg
Rides in Walt Disney World
pecheneg
Most Oscar Losses (Acting)
pecheneg
Beyoncé Albums
pecheneg
Trending Topics
Marvel
NBA
Disney
Kpop
Harry Potter
Crossword
Anime
NFL
Pokémon
Puzzle
The Office
Soccer
WWE
Song
Country
Your Account Isn't Verified!
In order to create a playlist on Sporcle, you need to verify the email address you used during registration. Go to your
Sporcle Settings
to finish the process.
Report this User
Report this user for behavior that violates our
Community Guidelines
.
Details:
Send Report
Go to the Sporcle.com Mobile Site →
Comments